Cosas que nunca te dije
Đã lưu trong:
| Tác giả chính: | |
|---|---|
| Định dạng: | Sách |
| Ngôn ngữ: | Tiếng Tây Ban Nha |
| Được phát hành: |
Santiago
Tajamar Editores
2013
|
| Phiên bản: | 1a. ed |
| Loạt: | Colección Narrativas
|
| Những chủ đề: | |
| Các nhãn: |
Thêm thẻ
Không có thẻ, Là người đầu tiên thẻ bản ghi này!
|
MARC
| LEADER | 00000cam a2200000 a 4500 | ||
|---|---|---|---|
| 001 | UCD0929 | ||
| 003 | CL-VaPUC | ||
| 008 | 151231e20130000cl |||||||||||||||||spa|d | ||
| 020 | |a 9789569043468 | ||
| 082 | 0 | 4 | |a Ch863 |b VIE |2 21 |
| 100 | |a Viera-Gallo, María José |e autora |9 583959 | ||
| 245 | 1 | 0 | |a Cosas que nunca te dije |
| 250 | |a 1a. ed | ||
| 300 | |a 171 p | ||
| 942 | |c BK | ||
| 945 | |d 20151231 00:34:00 |a dcastane | ||
| 260 | |a Santiago |b Tajamar Editores |c 2013 | ||
| 650 | 0 | |a Novelas chilenas |9 265425 | |
| 650 | 0 | |a Literatura chilena |9 308278 | |
| 650 | 0 | |a Cuentos chilenos |9 308280 | |
| 583 | |a last modification |c 20151231 00:34:00 |k Rodrigo Vera | ||
| 490 | 0 | |a Colección Narrativas | |
| 999 | |c 362366 |d 362364 | ||
| 952 | |0 0 |1 0 |3 erb |4 0 |6 CH_863_000000000000000_VIE_2013 |7 0 |8 A |9 473471 |a BIBEDU |b BIBEDU |i 5258332 |l 1 |o Ch863 VIE 2013 |p 5258332 |r 2025-03-17 |s 2025-03-10 |w 2019-11-24 |y BK |z Catalogado en:20151231 |k LIT | ||